00358nam a22001217a 4500008004100000082002800041100001800069245005500087250001200142260004600154300001100200650002500211200727b ||||| |||| 00| 0 eng d00223rd.a623.87236 bS238 aSanyal, D. K.10aPrinciples and practice of marine diesel engines / a2nd ed. aBombay: bBhandarkar publication, c1981. a483 p. 0aMarine Diesel Motors